Statistiques concernant Caractères Japonais - Katakanas

Cliquez ici pour prendre le quiz!

Statistiques générales

  • Ce quiz a été pris 1 376 fois
  • Le résultat moyen est 37 sur 48

Statistiques - réponses

KatakanaTranscription% Correct
Ka
87%
I
85%
He
84%
Ri
84%
A
83%
E
83%
Ko
83%
Ni
83%
O
83%
U
83%
Ki
82%
To
82%
Ro
81%
Ya
81%
Ho
80%
Se
80%
Tsu
80%
Ha
79%
Mi
79%
Ra
79%
Ru
79%
Sa
79%
Shi
79%
Su
79%
Ta
79%
Te
79%
Chi
78%
N
78%
No
78%
Ke
77%
Ku
77%
Ma
77%
Mu
77%
Wa
77%
Me
76%
Yo
76%
Fu
75%
Hi
75%
Mo
75%
Re
75%
So
75%
Yu
75%
Ne
73%
Na
71%
Nu
70%
(ヱ)We
66%
(ヰ)Wi
65%
Wo
65%

Distribution des résultats

Percentile par nombre de réponses

% des personnes avec chaque résultat

Votre développement - résultats

Vous n’avez pas pris ce quiz